000
00217nam a22000857a 4500
008
161202b xxu||||| |||| 00| 0 eng d
100
_9
1770
_a
Asthana. G. R
245
_a
Mouse learns a lesson
260
_a
New delhi
_b
CBT
_c
2011
999
_c
4478
_d
4478